Countries Closest to Tunisia - Statistics

General Stats
  • This quiz has been taken 1,803 times
  • The average score is 16 of 20
Answer Stats
km country miles % Correct
0 Algeria 0
98%
0 Libya 0
98%
71 Italy 44
96%
498 Spain 310
96%
807 Morocco 501
94%
450 France 280
92%
288 Malta 179
91%
787 Greece 489
88%
554 Vatican City 345
81%
702 San Marino 436
79%
805 Albania 500
77%
700 Monaco 435
75%
786 Niger 488
73%
871 Croatia 541
71%
870 Bosnia and Herzegovina 541
67%
874 Montenegro 543
67%
921 Switzerland 572
66%
856 Andorra 532
64%
937 North Macedonia 582
64%
957 Slovenia 595
62%
No matching quizzes found
Score Distribution
Percent of People with Each Score
Percentile by Number Answered
Your Score History
You have not taken this quiz